<?xml version="1.0" encoding="UTF-8"?>
<record
    xmlns:xsi="http://www.w3.org/2001/XMLSchema-instance"
    xsi:schemaLocation="http://www.loc.gov/MARC21/slim http://www.loc.gov/standards/marcxml/schema/MARC21slim.xsd"
    xmlns="http://www.loc.gov/MARC21/slim">

  <leader>00788nam a2200217Ia 4500</leader>
  <controlfield tag="005">20240530102219.0</controlfield>
  <controlfield tag="008">140319s9999    xx            000 0 ara d</controlfield>
  <datafield tag="040" ind1=" " ind2=" ">
    <subfield code="a">GCL / </subfield>
    <subfield code="c">GCL</subfield>
  </datafield>
  <datafield tag="082" ind1="0" ind2="4">
    <subfield code="a">413.1 /</subfield>
    <subfield code="b">&#x639; &#x642;</subfield>
  </datafield>
  <datafield tag="100" ind1="1" ind2=" ">
    <subfield code="a">&#x639;&#x628;&#x62F;&#x627;&#x644;&#x62D;&#x645;&#x64A;&#x62F; &#x627;&#x628;&#x631;&#x627;&#x647;&#x64A;&#x645;</subfield>
  </datafield>
  <datafield tag="245" ind1="1" ind2="0">
    <subfield code="a">&#x642;&#x627;&#x645;&#x648;&#x633; &#x627;&#x644;&#x627;&#x644;&#x648;&#x627;&#x646; &#x639;&#x646;&#x62F; &#x627;&#x644;&#x639;&#x631;&#x628; / </subfield>
    <subfield code="c">&#x639;&#x628;&#x62F;&#x627;&#x644;&#x62D;&#x645;&#x64A;&#x62F; &#x627;&#x628;&#x631;&#x627;&#x647;&#x64A;&#x645;</subfield>
  </datafield>
  <datafield tag="260" ind1=" " ind2=" ">
    <subfield code="a">&#x627;&#x644;&#x642;&#x627;&#x647;&#x631;&#x629; : </subfield>
    <subfield code="b">&#x627;&#x644;&#x647;&#x64A;&#x626;&#x629; &#x627;&#x644;&#x645;&#x635;&#x631;&#x64A;&#x629; &#x627;&#x644;&#x639;&#x627;&#x645;&#x629; &#x644;&#x644;&#x643;&#x62A;&#x627;&#x628;&#x60C;</subfield>
    <subfield code="c">1989</subfield>
  </datafield>
  <datafield tag="300" ind1=" " ind2=" ">
    <subfield code="a">302 &#x635;&#x61B;</subfield>
    <subfield code="b">24 &#x633;&#x645;</subfield>
  </datafield>
  <datafield tag="650" ind1="0" ind2="4">
    <subfield code="a">&#x627;&#x644;&#x634;&#x639;&#x631; &#x627;&#x644;&#x639;&#x631;&#x628;&#x649;</subfield>
  </datafield>
  <datafield tag="650" ind1="0" ind2="4">
    <subfield code="a">&#x627;&#x644;&#x62D;&#x636;&#x627;&#x631;&#x629; &#x627;&#x644;&#x639;&#x631;&#x628;&#x64A;&#x629; &#x627;&#x644;&#x627;&#x633;&#x644;&#x627;&#x645;&#x64A;&#x629; - &#x627;&#x644;&#x645;&#x639;&#x627;&#x631;&#x641; &#x627;&#x644;&#x628;&#x62D;&#x631;&#x64A;&#x629;</subfield>
  </datafield>
  <datafield tag="650" ind1="0" ind2="4">
    <subfield code="a">&#x627;&#x644;&#x644;&#x63A;&#x629; &#x627;&#x644;&#x639;&#x631;&#x628;&#x64A;&#x629;</subfield>
  </datafield>
  <datafield tag="650" ind1="0" ind2="4">
    <subfield code="a">&#x627;&#x644;&#x645;&#x639;&#x627;&#x62C;&#x645;</subfield>
  </datafield>
  <datafield tag="650" ind1="0" ind2="4">
    <subfield code="a">&#x627;&#x644;&#x627;&#x644;&#x648;&#x627;&#x646;</subfield>
  </datafield>
  <datafield tag="942" ind1=" " ind2=" ">
    <subfield code="2">ddc</subfield>
    <subfield code="c">BK</subfield>
  </datafield>
  <datafield tag="999" ind1=" " ind2=" ">
    <subfield code="c">30608</subfield>
    <subfield code="d">30608</subfield>
  </datafield>
  <datafield tag="952" ind1=" " ind2=" ">
    <subfield code="0">0</subfield>
    <subfield code="1">0</subfield>
    <subfield code="4">0</subfield>
    <subfield code="7">0</subfield>
    <subfield code="a">CAI</subfield>
    <subfield code="b">CAI</subfield>
    <subfield code="d">2014-03-26</subfield>
    <subfield code="l">0</subfield>
    <subfield code="o">413.1\&#x639; &#x642;</subfield>
    <subfield code="p">71345</subfield>
    <subfield code="r">2014-03-26 00:00:00</subfield>
    <subfield code="w">2014-03-26</subfield>
    <subfield code="y">BK</subfield>
  </datafield>
  <datafield tag="952" ind1=" " ind2=" ">
    <subfield code="0">0</subfield>
    <subfield code="1">0</subfield>
    <subfield code="4">0</subfield>
    <subfield code="7">0</subfield>
    <subfield code="a">CAI</subfield>
    <subfield code="b">CAI</subfield>
    <subfield code="c">&#x627;&#x644;&#x644;&#x63A;&#x627;&#x62A;-&#x639;&#x631;&#x628;&#x649;</subfield>
    <subfield code="d">2022-08-31</subfield>
    <subfield code="l">0</subfield>
    <subfield code="o">413.1 / &#x639; &#x642;</subfield>
    <subfield code="p">168379</subfield>
    <subfield code="r">2022-08-31 00:00:00</subfield>
    <subfield code="w">2022-08-31</subfield>
    <subfield code="y">BK</subfield>
  </datafield>
</record>
